The Reader's digest children's atlas of the world (Record no. 142595)

MARC details
000 -LEADER
fixed length control field 00301nam a2200097Ia 4500
082 ## - DEWEY DECIMAL CLASSIFICATION NUMBER
Classification number J R 912 READ
008 - FIXED-LENGTH DATA ELEMENTS--GENERAL INFORMATION
fixed length control field 210817s9999 xx 000 0 und d
100 ## - MAIN ENTRY--PERSONAL NAME
Personal name Sale, Colin Pleasantville, NY, 2003 New 3rd ed
9 (RLIN) 41691
245 #0 - TITLE STATEMENT
Title The Reader's digest children's atlas of the world
942 ## - ADDED ENTRY ELEMENTS
item type Books
Holdings
Withdrawn status Lost status Damaged status Not for loan Home library Current library Date acquired Cost, normal purchase price Total Checkouts Barcode Date last seen Price effective from item type
        Emakhazeni Main PL (MMID-PLEMA) Emakhazeni Main PL (MMID-PLEMA) 17.08.2021 200.00   33228018357937 17.08.2021 17.08.2021 Books